Mal's The 'Americas' Closest Capital Hopscotch - Statistics

General Stats
  • This quiz has been taken 152 times
  • The average score is 29 of 34
Answer Stats
Hint Answer % Correct
Santiago - 1140 - A Buenos Aires
98%
1079 - P Lima
98%
773 - P Panama City
98%
203 - U Montevideo
97%
1319 - E Quito
97%
220 - E San Salvador
97%
726 - C Bogota
96%
177 - G Guatemala City
95%
786 - J Kingston
95%
1460 - B La Paz
95%
474 - H Port-Au-Prince
93%
1076 - P Asuncion
92%
934 - C Havana
92%
512 - C San Jose
92%
6773 - U Washington DC
91%
341 - N Managua
90%
3600 - M Mexico City
89%
554 - B Nassau
89%
254 - DR Santo Domingo
89%
1392 - V Caracas
87%
732 - C Ottawa
87%
238 - H Tegucigalpa
87%
347 - B Belmopan
86%
562 - G Georgetown
77%
3584 - B Brasilia
76%
157 - T Port of Spain
75%
349 - S Paramaribo
72%
98 - SV Kingstown
71%
95 - A St John's
70%
174 - B Bridgetown
67%
149 - SL Castries
67%
775 - SK Basse Terre
66%
207 - D Roseau
66%
259 - G St Georges
62%
No matching quizzes found
Score Distribution
Percent of People with Each Score
Percentile by Number Answered
Your Score History
You have not taken this quiz